| 000 | 00740nam a2200217Ia 4500 | ||
|---|---|---|---|
| 003 | GCL | ||
| 008 | 140319s9999 xx 000 0 ara d | ||
| 040 |
_aGCL / _cGCL |
||
| 082 | 0 | 4 |
_aد _b050 _bا ش |
| 100 | 1 | _aجامعة الدول العربية | |
| 245 | 1 | 0 |
_aشئون عربية / _cجامعة الدول العربية |
| 260 |
_a[S.N] : _bالامانة العامة لجامعة الدول العربية |
||
| 300 | _a210 | ||
| 490 |
_aدورة محمود سامى البارودى _v0 |
||
| 650 | 0 | 4 | _aالسياسة الدولية |
| 650 | 0 | 4 | _aالسياسة |
| 650 | 0 | 4 | _aالسياسة الخارجية |
| 650 | 0 | 4 | _aالسياسة الاقتصادية |
| 650 | 0 | 4 | _aالسياسة الداخلية |
| 942 |
_2ddc _cCF |
||
| 999 |
_c27018 _d27018 |
||